000 01003nam a22003257a 4500
001 BR0602494
003 BR-BrBNA
005 20230928102209.0
007 ta
008 230509b bl.||||| |||| 00| 0 por d
040 _aBR-BrBNA
_bpor
_cBiblioteca Nacional de Agricultura
041 _a(Por)
072 _aF30
_b3240
090 _ 3240 BR0602494
100 1 _aBotrel, M.C.G.
110 1 _aUniversidade Federal de Lavras, MG (Brasil)
_0Tese (Mestrado)
245 1 _aMelhoramento genético do Eucalyptus para biomassa florestal e qualidade do carvão vegetal
260 3 _aLavras, MG (Brasil):
_c2006.
300 _a68 p.
500 _aSummaries (Eng, Por); Several bibliography; 23 tables
650 _aEUCALIPTO
650 _aMELHORAMENTO GENÉTICO VEGETAL
650 _aCARVÃO VEGETAL
650 _aSELEÇÃO GENÉTICA
650 _aANÁLISE FÍSICA
650 _aPROPRIEDADE MECÂNICA
650 _aMÉTODO ESTATÍSTICO
909 _a202309
_bLucia
_c55
_dLucia Elande
942 _cBK
999 _c69606
_d69606